[Event "Lord John Cup"]
[Site "London, Clive Hotel"]
[Date "1977.09.05"]
[Round "1"]
[White "Lambert, Glenn EJ"]
[Black "Hort, Vlastimil"]
[Result "0-1"]
[WhiteElo "2420"]
[BlackElo "2620"]
[PlyCount "58"]
[EventDate "1977.09.05"]
[EventType "tourn"]
[EventRounds "9"]
[EventCountry "ENG"]
[EventCategory "10"]
[SourceTitle "BritBase"]
[Source "John Saunders"]
[SourceDate "2024.03.28"]
[SourceVersion "1"]
[SourceVersionDate "2024.03.28"]
[SourceQuality "1"]

1. d4 Nf6 2. c4 g6 3. Nc3 d5 4. Nf3 Bg7 5. Bg5 Ne4 6. Bh4 c6 7. e3 O-O 8. Qb3
Nxc3 9. bxc3 b6 10. Be2 Bb7 11. O-O h6 12. Qa3 Re8 13. cxd5 cxd5 14. Rac1 Nc6
15. c4 dxc4 16. Bxc4 Qd7 17. Bg3 Rec8 18. Ba6 Na5 19. Bxb7 Qxb7 20. h3 e6 21.
Qd3 Qd5 22. Qa6 Qb7 23. Qxb7 Nxb7 24. e4 Bf8 25. d5 Nc5 26. Rfe1 Nd3 27. Rxc8
Rxc8 28. Rd1 Nb2 29. Rd2 Nc4 0-1

[Event "Lord John Cup"]
[Site "London, Clive Hotel"]
[Date "1977.09.05"]
[Round "1"]
[White "Law, Andrew P"]
[Black "Stean, Michael Frank"]
[Result "0-1"]
[WhiteElo "2400"]
[BlackElo "2485"]
[PlyCount "58"]
[EventDate "1977.09.05"]
[EventType "tourn"]
[EventRounds "9"]
[EventCountry "ENG"]
[EventCategory "10"]
[SourceTitle "BritBase"]
[Source "John Saunders"]
[SourceDate "2024.03.28"]
[SourceVersion "1"]
[SourceVersionDate "2024.03.28"]
[SourceQuality "1"]

1. Nf3 Nf6 2. c4 b6 3. Nc3 Bb7 4. d4 e6 5. Bg5 Bb4 6. Rc1 h6 7. Bh4 g5 8. Bg3
Ne4 9. Nd2 Bxc3 10. bxc3 Nxd2 11. Qxd2 d6 12. f3 Nd7 13. e4 Qe7 14. Rb1 O-O-O
15. Qc2 f5 16. Qa4 Kb8 17. c5 dxc5 18. Ba6 fxe4 19. O-O e5 20. Bxb7 Kxb7 21.
dxe5 Nxe5 22. Rfe1 Nc6 23. Rxe4 Qd7 24. Qb3 Rhe8 25. Ra4 Re2 26. h3 Qd2 27. Kh1
Qc2 28. Qb5 Rd1+ 29. Rxd1 Qxd1+ 0-1

[Event "Lord John Cup"]
[Site "London, Clive Hotel"]
[Date "1977.09.05"]
[Round "1"]
[White "Mestel, A Jonathan"]
[Black "Blackstock, Leslie Steven F"]
[Result "1-0"]
[WhiteElo "2420"]
[BlackElo "2410"]
[PlyCount "133"]
[EventDate "1977.09.05"]
[EventType "tourn"]
[EventRounds "9"]
[EventCountry "ENG"]
[EventCategory "10"]
[SourceTitle "BritBase"]
[Source "John Saunders"]
[SourceDate "2024.03.28"]
[SourceVersion "1"]
[SourceVersionDate "2024.03.28"]
[SourceQuality "1"]

1. e4 c5 2. Nf3 e6 3. d4 cxd4 4. Nxd4 Nf6 5. Nc3 d6 6. Be2 Be7 7. O-O O-O 8. f4
a6 9. Be3 Qc7 10. Kh1 b5 11. e5 Ne8 12. Bf3 Bb7 13. Qe1 Nc6 14. Qg3 dxe5 15.
fxe5 Nxd4 16. Bxd4 Rd8 17. Rad1 Bxf3 18. Qxf3 f5 19. exf6 Nxf6 20. a3 Bc5 21.
Bxf6 Rxf6 22. Rxd8+ Qxd8 23. Rd1 Rxf3 24. Rxd8+ Rf8 25. Rxf8+ Kxf8 26. Ne4 Be3
27. b3 Ke7 28. g3 Kd7 29. Kg2 Kc6 30. c4 bxc4 31. bxc4 Bc1 32. a4 Kb6 33. Kf3
Bb2 34. Ke3 Be5 35. Ng5 Kc5 36. Kd3 Kb4 37. Nxe6 Kxa4 38. Ke4 Bb8 39. Kd5 a5
40. Nc5+ Ka3 41. Na6 a4 42. Nxb8 Kb3 43. c5 a3 44. c6 a2 45. c7 a1=Q 46. c8=Q
Qd1+ 47. Kc6 Qc2+ 48. Kb7 Qxh2 49. Qg8+ Kc3 50. Qxg7+ Kd3 51. Qe5 Qg2+ 52. Nc6
Qe4 53. Qf6 Ke3 54. Kc7 Qg4 55. Qh6+ Ke2 56. Qh2+ Kf1 57. Ne7 Qe6 58. Kd8 h5
59. Ke8 Qe5 60. Kf7 Qg5 61. Qh4 Qc5 62. Qf4+ Kg1 63. Nf5 Qc6 64. Qe3+ Kf1 65.
Qe6 Qf3 66. Kg6 Qg4+ 67. Kh6 1-0

[Event "Lord John Cup"]
[Site "London, Clive Hotel"]
[Date "1977.09.05"]
[Round "1"]
[White "Quinteros, Miguel Angel"]
[Black "Kotov, Alexander"]
[Result "1-0"]
[WhiteElo "2555"]
[BlackElo "2500"]
[PlyCount "67"]
[EventDate "1977.09.05"]
[EventType "tourn"]
[EventRounds "9"]
[EventCountry "ENG"]
[EventCategory "10"]
[SourceTitle "BritBase"]
[Source "John Saunders"]
[SourceDate "2024.03.28"]
[SourceVersion "1"]
[SourceVersionDate "2024.03.28"]
[SourceQuality "1"]

1. c4 d6 2. d4 g6 3. Nc3 Bg7 4. e4 Nc6 5. Be3 e5 6. d5 Nd4 7. Nge2 Nxe2 8. Bxe2
Nf6 9. c5 O-O 10. cxd6 cxd6 11. O-O Ne8 12. Qb3 f5 13. exf5 gxf5 14. f4 Kh8 15.
Rad1 Rg8 16. Kh1 Nf6 17. fxe5 dxe5 18. d6 f4 19. Bf2 Qe8 20. Bc4 Rf8 21. Nb5
Bd7 22. Nc7 Qg6 23. Nxa8 Bc6 24. Qh3 Rxa8 25. d7 Rd8 26. Be6 b6 27. Bh4 Bf8 28.
Bf5 Bxg2+ 29. Qxg2 Qxf5 30. Rg1 Bh6 31. Rd6 f3 32. Bxf6+ Qxf6 33. Qg8+ Rxg8 34.
Rxg8+ 1-0

[Event "Lord John Cup"]
[Site "London, Clive Hotel"]
[Date "1977.09.06"]
[Round "2"]
[White "Blackstock, Leslie Steven F"]
[Black "Lambert, Glenn EJ"]
[Result "1/2-1/2"]
[WhiteElo "2410"]
[BlackElo "2420"]
[PlyCount "39"]
[EventDate "1977.09.05"]
[EventType "tourn"]
[EventRounds "9"]
[EventCountry "ENG"]
[EventCategory "10"]
[SourceTitle "BritBase"]
[Source "John Saunders"]
[SourceDate "2024.03.28"]
[SourceVersion "1"]
[SourceVersionDate "2024.03.28"]
[SourceQuality "1"]

1. e4 d6 2. d4 Nf6 3. Nc3 g6 4. Nf3 Bg7 5. Be2 O-O 6. O-O Bg4 7. Be3 Nc6 8. d5
Bxf3 9. Bxf3 Ne5 10. Be2 c6 11. f4 Ned7 12. dxc6 bxc6 13. Qd2 Qa5 14. Rad1 Kh8
15. Bf3 Rab8 16. b3 Nc5 17. Nb1 Qxd2 18. Nxd2 Nfd7 19. Nc4 Rfc8 20. Rfe1
1/2-1/2

[Event "Lord John Cup"]
[Site "London, Clive Hotel"]
[Date "1977.09.06"]
[Round "2"]
[White "Kotov, Alexander"]
[Black "Law, Andrew P"]
[Result "1/2-1/2"]
[WhiteElo "2500"]
[BlackElo "2400"]
[PlyCount "118"]
[EventDate "1977.09.05"]
[EventType "tourn"]
[EventRounds "9"]
[EventCountry "ENG"]
[EventCategory "10"]
[SourceTitle "BritBase"]
[Source "John Saunders"]
[SourceDate "2024.03.28"]
[SourceVersion "1"]
[SourceVersionDate "2024.03.28"]
[SourceQuality "1"]

1. d4 Nf6 2. Nf3 d5 3. Bg5 Ne4 4. Bf4 c5 5. c3 Qb6 6. Qb3 cxd4 7. Qxb6 axb6 8.
Nxd4 f6 9. Nb5 Na6 10. f3 Nec5 11. N1a3 e5 12. Bg3 Be7 13. e4 dxe4 14. Nc4 Be6
15. Nxb6 Rd8 16. b4 Nd3+ 17. Bxd3 exd3 18. Kd2 O-O 19. a3 Nb8 20. Nc7 Bf7 21.
c4 Nd7 22. Nbd5 Bd6 23. c5 Bxc7 24. Nxc7 b6 25. Bf2 bxc5 26. bxc5 Rc8 27. Na6
Bc4 28. Nb4 Nxc5 29. Bxc5 Rxc5 30. Rhc1 Rcc8 31. a4 f5 32. Rc3 e4 33. Rac1 Be6
34. Rxc8 Bxc8 35. a5 exf3 36. gxf3 Bb7 37. f4 Be4 38. Ra1 h6 39. a6 g5 40. a7
gxf4 41. Nxd3 Rd8 42. Ra3 Kf7 43. Ke1 f3 44. Ne5+ Ke6 45. Nxf3 Kd7 46. Nd4 Ra8
47. Kf2 Kc7 48. Ke3 Kb6 49. Kf4 Rxa7 50. Rxa7 Kxa7 51. Nxf5 Bb1 52. Nxh6 Kb7
53. Ke5 Kc7 54. Ke6 Kd8 55. Kf7 Bc2 56. h4 Bd1 57. Nf5 Bh5+ 58. Kf6 Bd1 59. Ne3
Be2 1/2-1/2

[Event "Lord John Cup"]
[Site "London, Clive Hotel"]
[Date "1977.09.06"]
[Round "2"]
[White "Stean, Michael Frank"]
[Black "Mestel, A Jonathan"]
[Result "0-1"]
[WhiteElo "2485"]
[BlackElo "2420"]
[PlyCount "80"]
[EventDate "1977.09.05"]
[EventType "tourn"]
[EventRounds "9"]
[EventCountry "ENG"]
[EventCategory "10"]
[SourceTitle "BritBase"]
[Source "John Saunders"]
[SourceDate "2024.03.28"]
[SourceVersion "1"]
[SourceVersionDate "2024.03.28"]
[SourceQuality "1"]

1. d4 d5 2. c4 c6 3. Nf3 e6 4. e3 Nf6 5. Bd3 Nbd7 6. O-O a6 7. b3 b5 8. Nbd2
Bb7 9. Bb2 Be7 10. c5 a5 11. e4 dxe4 12. Nxe4 Nxe4 13. Bxe4 Qc7 14. Re1 Nf6 15.
Bc2 Nd5 16. Bc1 Bc8 17. Bg5 f6 18. Bh4 O-O 19. Bg3 Qd8 20. Qd2 e5 21. dxe5 f5
22. Nd4 Qe8 23. Nxb5 f4 24. Nd6 Qh5 25. Be4 fxg3 26. Bxd5+ Kh8 27. hxg3 cxd5
28. Qxd5 Bg4 29. Rac1 Rad8 30. Rc4 Qg6 31. e6 h5 32. Rce4 h4 33. R1e3 Qf6 34.
Rf4 Qa1+ 35. Kh2 hxg3+ 36. fxg3 Kg8 37. Rxg4 Rf1 38. Rxg7+ Kxg7 39. Kh3 Qf6 40.
Re5 Rh8+ 0-1

[Event "Lord John Cup"]
[Site "London, Clive Hotel"]
[Date "1977.09.06"]
[Round "2"]
[White "Torre, Eugenio"]
[Black "Hort, Vlastimil"]
[Result "1-0"]
[WhiteElo "2550"]
[BlackElo "2620"]
[Annotator "BCM"]
[PlyCount "83"]
[EventDate "1977.09.05"]
[EventType "tourn"]
[EventRounds "9"]
[EventCountry "ENG"]
[EventCategory "10"]
[SourceTitle "BritBase"]
[Source "John Saunders"]
[SourceDate "2024.03.28"]
[SourceVersion "1"]
[SourceVersionDate "2024.03.28"]
[SourceQuality "1"]

1. e4 c5 2. Nf3 d6 3. d4 cxd4 4. Nxd4 Nf6 5. Nc3 Nc6 6. Bg5 e6 7. Qd2 a6 8.
O-O-O h6 9. Be3 Bd7 10. f4 Be7 11. Kb1 Qc7 12. Qe1 b5 13. Bd3 O-O 14. Rf1 Rac8
15. Qg3 Nxd4 16. Bxd4 b4 17. Ne2 Bb5 18. Rc1 Rfd8 19. f5 e5 20. Be3 Kf8 21. Qh3
Qb7 22. g4 Nxe4 23. Bxb5 Qxb5 24. Ng3 Nc3+ $1 25. Ka1 Qa5 $2 ({Both players
had only ten minutes to reach the time control but what a pity that Hort did
not play the beautiful line that he tought of during dinner that evening:} 
25... Qa4 $1 26. bxc3 Rxc3 27. f6 Ra3 $1 28. fxe7+ Ke8 $3 29. exd8=Q+ Kxd8 30.
Kb1 Rxa2 31. Bb6+ {(with the black king queen on a5 this would win)} Ke8 32.
Bd4 exd4 33. Rce1+ Kd8 34. Qh4+ f6 35. Re8+ Kxe8 36. Qh5+ Kd8 {and White will
mated}) 26. bxc3 Rxc3 27. f6 Ra3 28. fxe7+ Kxe7 29. Kb1 Rxa2 $2 ({Stockfish 16:
} 29... Qd5 $1 $19) 30. Bd4 exd4 31. Rxf7+ $1 Kxf7 32. Qf1+ Kg8 33. Qc4+ d5 34.
Qxa2 Qb5 35. Rd1 a5 36. Qb2 a4 37. Qxd4 b3 38. c4 Qb7 39. Nf5 a3 40. Re1 a2+ $2
({Stockfish 16:} 40... b2 41. Ka2 Kh8 $11) 41. Ka1 Rb8 $2 ({Stockfish 16:} 
41... b2+ 42. Qxb2 Qxb2+ 43. Kxb2 dxc4 44. Re2 $14) 42. Qxd5+ {Sources:
bulletin; BCM, December 1977, p552} 1-0

[Event "Lord John Cup"]
[Site "London, Clive Hotel"]
[Date "1977.09.07"]
[Round "3"]
[White "Hort, Vlastimil"]
[Black "Blackstock, Leslie Steven F"]
[Result "1-0"]
[WhiteElo "2620"]
[BlackElo "2410"]
[PlyCount "69"]
[EventDate "1977.09.05"]
[EventType "tourn"]
[EventRounds "9"]
[EventCountry "ENG"]
[EventCategory "10"]
[SourceTitle "BritBase"]
[Source "John Saunders"]
[SourceDate "2024.03.28"]
[SourceVersion "1"]
[SourceVersionDate "2024.03.28"]
[SourceQuality "1"]

1. d4 Nf6 2. c4 e6 3. Nc3 Bb4 4. e3 O-O 5. Bd3 c5 6. Nf3 d5 7. O-O Nc6 8. a3
Bxc3 9. bxc3 Qc7 10. cxd5 exd5 11. dxc5 Bg4 12. Be2 Ne4 13. Bb2 Rad8 14. Qc2
Rfe8 15. c4 dxc4 16. Rad1 Rxd1 17. Rxd1 Na5 18. Rd5 c3 19. Bxc3 Nxc3 20. Qxc3
h6 21. Bb5 Bxf3 22. gxf3 Nc6 23. Rd6 Rc8 24. f4 a6 25. Bc4 Ne7 26. Qe5 Qxc5 27.
Rd8+ Kh7 28. Qxc5 Rxc5 29. Bxf7 Rc1+ 30. Kg2 Ra1 31. Rd3 a5 32. e4 b5 33. f5 b4
34. axb4 axb4 35. Rd7 1-0

[Event "Lord John Cup"]
[Site "London, Clive Hotel"]
[Date "1977.09.07"]
[Round "3"]
[White "Lambert, Glenn EJ"]
[Black "Stean, Michael Frank"]
[Result "0-1"]
[WhiteElo "2420"]
[BlackElo "2485"]
[PlyCount "44"]
[EventDate "1977.09.05"]
[EventType "tourn"]
[EventRounds "9"]
[EventCountry "ENG"]
[EventCategory "10"]
[SourceTitle "BritBase"]
[Source "John Saunders"]
[SourceDate "2024.03.28"]
[SourceVersion "1"]
[SourceVersionDate "2024.03.28"]
[SourceQuality "1"]

1. d4 Nf6 2. c4 e6 3. Nf3 b6 4. g3 Ba6 5. Qa4 Bb7 6. Bg2 c5 7. dxc5 bxc5 8. O-O
Be7 9. Nc3 O-O 10. Bf4 Qb6 11. Qc2 Nc6 12. Nb5 d5 13. b3 Rac8 14. Rac1 Rfd8 15.
Ne5 Nb4 16. Qb1 d4 17. Na3 Bxg2 18. Kxg2 Qa6 19. Qb2 Ne4 20. Nb5 Qb7 21. Kg1 a6
22. Na3 Nc3 0-1

[Event "Lord John Cup"]
[Site "London, Clive Hotel"]
[Date "1977.09.07"]
[Round "3"]
[White "Mestel, A Jonathan"]
[Black "Kotov, Alexander"]
[Result "1-0"]
[WhiteElo "2420"]
[BlackElo "2500"]
[PlyCount "73"]
[EventDate "1977.09.05"]
[EventType "tourn"]
[EventRounds "9"]
[EventCountry "ENG"]
[EventCategory "10"]
[SourceTitle "BritBase"]
[Source "John Saunders"]
[SourceDate "2024.03.28"]
[SourceVersion "1"]
[SourceVersionDate "2024.03.28"]
[SourceQuality "1"]

1. e4 c6 2. d4 d5 3. Nc3 dxe4 4. Nxe4 Nd7 5. Nf3 Ngf6 6. Nxf6+ Nxf6 7. g3 Bg4
8. Bg2 e6 9. c3 Bd6 10. Qb3 Qb6 11. Nd2 Qxb3 12. axb3 Bf5 13. O-O O-O 14. Re1
Rfd8 15. b4 a6 16. Nb3 Nd5 17. Nc5 Ra7 18. Bd2 Rda8 19. c4 Ne7 20. Ne4 Bc7 21.
Be3 b6 22. Nc3 Bd3 23. b3 Bc2 24. Bg5 Bd8 25. Bxe7 Bxe7 26. Rec1 Bxb3 27. Bxc6
Bg5 28. f4 Bf6 29. Ne2 Rc8 30. b5 Rd8 31. Ra3 Rxd4 32. Rxb3 Rd2 33. Kf1 axb5
34. Rxb5 Raa2 35. Rxb6 g5 36. Bf3 Ra3 37. Kg2 1-0

[Event "Lord John Cup"]
[Site "London, Clive Hotel"]
[Date "1977.09.07"]
[Round "3"]
[White "Quinteros, Miguel Angel"]
[Black "Torre, Eugenio"]
[Result "1/2-1/2"]
[WhiteElo "2555"]
[BlackElo "2550"]
[PlyCount "33"]
[EventDate "1977.09.05"]
[EventType "tourn"]
[EventRounds "9"]
[EventCountry "ENG"]
[EventCategory "10"]
[SourceTitle "BritBase"]
[Source "John Saunders"]
[SourceDate "2024.03.28"]
[SourceVersion "1"]
[SourceVersionDate "2024.03.28"]
[SourceQuality "1"]

1. e4 e5 2. Nf3 Nc6 3. Bb5 a6 4. Ba4 Nf6 5. O-O Be7 6. Re1 b5 7. Bb3 d6 8. c3
O-O 9. h3 Nb8 10. d4 Nbd7 11. Nbd2 Bb7 12. Bc2 Re8 13. Nf1 Bf8 14. Ng3 g6 15.
a4 c5 16. d5 Nb6 17. Qe2 1/2-1/2

[Event "Lord John Cup"]
[Site "London, Clive Hotel"]
[Date "1977.09.08"]
[Round "4"]
[White "Kotov, Alexander"]
[Black "Lambert, Glenn EJ"]
[Result "1-0"]
[WhiteElo "2500"]
[BlackElo "2420"]
[PlyCount "82"]
[EventDate "1977.09.05"]
[EventType "tourn"]
[EventRounds "9"]
[EventCountry "ENG"]
[EventCategory "10"]
[SourceTitle "BritBase"]
[Source "John Saunders"]
[SourceDate "2024.03.28"]
[SourceVersion "1"]
[SourceVersionDate "2024.03.28"]
[SourceQuality "1"]

1. d4 Nf6 2. Nf3 g6 3. Bf4 Bg7 4. e3 O-O 5. Nbd2 d6 6. h3 c5 7. c3 Nc6 8. Bc4
a6 9. a4 cxd4 10. exd4 e5 11. Be3 e4 12. Nh2 d5 13. Ba2 Be6 14. O-O Ne7 15. Nb3
Nd7 16. Qd2 Nf5 17. Bf4 Qe7 18. f3 Nd6 19. Na5 Rfc8 20. Bxd6 Qxd6 21. fxe4 dxe4
22. Nxb7 Qb6 23. Bxe6 Qxe6 24. Qf2 Qd5 25. Nc5 Nxc5 26. dxc5 Qxc5 27. Qxc5 Rxc5
28. Rad1 f5 29. g4 Rb8 30. Rf2 Be5 31. Nf1 f4 32. Re2 f3 33. Red2 Bc7 34. Ne3
Bb6 35. Kf1 h5 36. Rd6 Rg5 37. h4 Bxe3 38. hxg5 hxg4 39. Rxg6+ Kf7 40. Rdd6 Re8
41. Rdf6+ Ke7 {Sources: bulletin; BCM, December 1977, p552} ({After} 41... Ke7
{Lambert offered a draw which Kotov declined, pointing out that he could win by
} 42. Re6+ (42. Rg7+ Kd8 43. Rd6+ Kc8 44. Rxa6 Kb8 45. a5 g3 46. Rb6+ Bxb6 47.
axb6 e3 $19) (42. Rxa6 g3 $19) (42. Rd6 $1 g3 43. Rge6+ {draws}) 42... Kd7 43.
Rxe8 Kxe8 ({However, Black should not play 43...Kxe8 but} 43... g3 $1 {and
White would have had to resign.}) 44. Re6+ {and 45 Rxe4. Lambert thereupon
resigned.}) 1-0

[Event "Lord John Cup"]
[Site "London, Clive Hotel"]
[Date "1977.09.08"]
[Round "4"]
[White "Quinteros, Miguel Angel"]
[Black "Law, Andrew P"]
[Result "1/2-1/2"]
[WhiteElo "2555"]
[BlackElo "2400"]
[PlyCount "35"]
[EventDate "1977.09.05"]
[EventType "tourn"]
[EventRounds "9"]
[EventCountry "ENG"]
[EventCategory "10"]
[SourceTitle "BritBase"]
[Source "John Saunders"]
[SourceDate "2024.03.28"]
[SourceVersion "1"]
[SourceVersionDate "2024.03.28"]
[SourceQuality "1"]

1. Nf3 c5 2. e4 d6 3. d4 cxd4 4. Nxd4 Nf6 5. Nc3 e6 6. f4 Be7 7. Be3 Nc6 8. Qf3
O-O 9. O-O-O Qc7 10. Rg1 a6 11. g4 Nxd4 12. Rxd4 b5 13. g5 Nd7 14. Rg3 Bb7 15.
Qh5 Rfc8 16. Rh3 Nf8 17. f5 d5 18. fxe6 1/2-1/2

[Event "Lord John Cup"]
[Site "London, Clive Hotel"]
[Date "1977.09.08"]
[Round "4"]
[White "Stean, Michael Frank"]
[Black "Hort, Vlastimil"]
[Result "1/2-1/2"]
[WhiteElo "2485"]
[BlackElo "2620"]
[PlyCount "35"]
[EventDate "1977.09.05"]
[EventType "tourn"]
[EventRounds "9"]
[EventCountry "ENG"]
[EventCategory "10"]
[SourceTitle "BritBase"]
[Source "John Saunders"]
[SourceDate "2024.03.28"]
[SourceVersion "1"]
[SourceVersionDate "2024.03.28"]
[SourceQuality "1"]

1. c4 g6 2. g3 Bg7 3. Bg2 e5 4. Nc3 f5 5. d3 Nf6 6. e4 Nc6 7. Nge2 d6 8. O-O
O-O 9. exf5 gxf5 10. f4 Kh8 11. Kh1 Qe8 12. Be3 Bd7 13. Qd2 Qh5 14. Rae1 Ng4
15. Bg1 Rf6 16. h3 Be6 17. b3 Rg8 18. d4 1/2-1/2

[Event "Lord John Cup"]
[Site "London, Clive Hotel"]
[Date "1977.09.08"]
[Round "4"]
[White "Torre, Eugenio"]
[Black "Blackstock, Leslie Steven F"]
[Result "1-0"]
[WhiteElo "2550"]
[BlackElo "2410"]
[PlyCount "105"]
[EventDate "1977.09.05"]
[EventType "tourn"]
[EventRounds "9"]
[EventCountry "ENG"]
[EventCategory "10"]
[SourceTitle "BritBase"]
[Source "John Saunders"]
[SourceDate "2024.03.28"]
[SourceVersion "1"]
[SourceVersionDate "2024.03.28"]
[SourceQuality "1"]

1. c4 g6 2. Nc3 Bg7 3. d4 d6 4. Nf3 Nf6 5. e4 O-O 6. Be2 Bg4 7. O-O Nfd7 8. Be3
c5 9. d5 Na6 10. h3 Bxf3 11. Bxf3 Qa5 12. Qc2 Rfb8 13. Be2 Qd8 14. Qd2 Nc7 15.
Bh6 Qf8 16. Bxg7 Qxg7 17. Rad1 a6 18. a4 Ra7 19. Rfe1 b5 20. cxb5 axb5 21. axb5
Nb6 22. Bf1 g5 23. Ra1 Rab7 24. Re3 Kh8 25. Rg3 Rg8 26. Nd1 Qe5 27. Qc3 Nd7 28.
Ra5 f6 29. Qxe5 Nxe5 30. Rga3 Rgb8 31. Nc3 Nd7 32. Ra7 Nb6 33. b3 Kg7 34. Be2
Kf8 35. R3a5 Ke8 36. Rxb7 Rxb7 37. Nd1 Kd8 38. Ne3 Rb8 39. Kh2 Ra8 40. Rxa8+
Ncxa8 41. h4 Nd7 42. Kg3 Nab6 43. hxg5 fxg5 44. Kg4 Nf6+ 45. Kf5 Nbd7 46. f3
Kc7 47. Kxg5 Kb6 48. Kf5 Nf8 49. f4 Kc7 50. e5 dxe5 51. fxe5 Ne8 52. Nc4 Ng7+
53. Ke4 1-0

[Event "Lord John Cup"]
[Site "London, Clive Hotel"]
[Date "1977.09.09"]
[Round "5"]
[White "Hort, Vlastimil"]
[Black "Kotov, Alexander"]
[Result "1-0"]
[WhiteElo "2620"]
[BlackElo "2500"]
[PlyCount "101"]
[EventDate "1977.09.05"]
[EventType "tourn"]
[EventRounds "9"]
[EventCountry "ENG"]
[EventCategory "10"]
[SourceTitle "BritBase"]
[Source "John Saunders"]
[SourceDate "2024.03.28"]
[SourceVersion "1"]
[SourceVersionDate "2024.03.28"]
[SourceQuality "1"]

1. e4 g6 2. d4 Bg7 3. Nf3 d6 4. Bc4 Nf6 5. Nc3 O-O 6. Qe2 Bg4 7. e5 Ne8 8. Bg5
Nc6 9. O-O-O Qc8 10. Nd5 Qd7 11. Rhe1 Kh8 12. Ne3 Bxf3 13. Qxf3 f6 14. e6 Qd8
15. Bf4 f5 16. c3 Na5 17. h4 Nf6 18. Bd3 b5 19. Nd5 Nxd5 20. Qxd5 c6 21. Qf3
Nc4 22. h5 g5 23. h6 Bf6 24. Bd2 Rg8 25. Qxf5 Rg6 26. Qf3 Qa5 27. Kb1 Nxd2+ 28.
Rxd2 Rxh6 29. Qxc6 Rb8 30. b4 Qb6 31. Qxb6 Rxb6 32. Be4 Bg7 33. Bd5 Rf6 34. g4
Rf4 35. f3 h5 36. gxh5 Rh4 37. Ree2 Rxh5 38. Rh2 Rh4 39. f4 Kh7 40. fxg5 Rxh2
41. Rxh2+ Kg6 42. Rf2 Kxg5 43. Rf7 Bf6 44. Rf8 Kf5 45. Kc2 a6 46. Kb3 Kg5 47.
a4 bxa4+ 48. Kxa4 Bg7 49. Rg8 Kh6 50. Rc8 Kg6 51. Bc6 1-0

[Event "Lord John Cup"]
[Site "London, Clive Hotel"]
[Date "1977.09.09"]
[Round "5"]
[White "Law, Andrew P"]
[Black "Torre, Eugenio"]
[Result "0-1"]
[WhiteElo "2400"]
[BlackElo "2550"]
[PlyCount "44"]
[EventDate "1977.09.05"]
[EventType "tourn"]
[EventRounds "9"]
[EventCountry "ENG"]
[EventCategory "10"]
[SourceTitle "BritBase"]
[Source "John Saunders"]
[SourceDate "2024.03.28"]
[SourceVersion "1"]
[SourceVersionDate "2024.03.28"]
[SourceQuality "1"]

1. e4 c5 2. Nf3 Nc6 3. Bb5 e6 4. O-O Nge7 5. Re1 a6 6. Bxc6 Nxc6 7. d4 cxd4 8.
Nxd4 d6 9. Nc3 Be7 10. Nxc6 bxc6 11. Qg4 Kf8 12. Bd2 e5 13. Qg3 Be6 14. Rad1 h5
15. h3 g5 16. Na4 g4 17. hxg4 hxg4 18. Bb4 Kg7 19. b3 Rh5 20. c4 Bh4 21. Qc3
Qf6 22. Rd2 Bxf2+ 0-1

[Event "Lord John Cup"]
[Site "London, Clive Hotel"]
[Date "1977.09.09"]
[Round "5"]
[White "Mestel, A Jonathan"]
[Black "Quinteros, Miguel Angel"]
[Result "0-1"]
[WhiteElo "2420"]
[BlackElo "2555"]
[PlyCount "70"]
[EventDate "1977.09.05"]
[EventType "tourn"]
[EventRounds "9"]
[EventCountry "ENG"]
[EventCategory "10"]
[SourceTitle "BritBase"]
[Source "John Saunders"]
[SourceDate "2024.03.28"]
[SourceVersion "1"]
[SourceVersionDate "2024.03.28"]
[SourceQuality "1"]

1. e4 d6 2. d4 Nf6 3. Nc3 g6 4. Bg5 c6 5. f4 Bg7 6. Qd2 O-O 7. Bd3 b5 8. Nf3
Bg4 9. f5 b4 10. Ne2 d5 11. e5 Ne4 12. Qxb4 c5 13. Qb7 Nxg5 14. Nxg5 c4 15. h3
cxd3 16. hxg4 dxe2 17. Rxh7 Nd7 18. fxg6 Nb6 19. gxf7+ Rxf7 20. Nxf7 Kxf7 21.
Qa6 e6 22. Qxe2 Qg5 23. Rh5 Qg6 24. Kf1 Bh6 25. Kg1 Kg7 26. Rf1 Bg5 27. Rh3 Nc4
28. Rb3 Qe4 29. Qxe4 dxe4 30. Re1 e3 31. Rc3 Nxb2 32. Rc7+ Kh8 33. Rb1 Rf8 34.
Rxb2 e2 35. Rb1 Rf1+ 0-1

[Event "Lord John Cup"]
[Site "London, Clive Hotel"]
[Date "1977.09.11"]
[Round "6"]
[White "Kotov, Alexander"]
[Black "Blackstock, Leslie Steven F"]
[Result "1/2-1/2"]
[WhiteElo "2500"]
[BlackElo "2410"]
[PlyCount "118"]
[EventDate "1977.09.05"]
[EventType "tourn"]
[EventRounds "9"]
[EventCountry "ENG"]
[EventCategory "10"]
[SourceTitle "BritBase"]
[Source "John Saunders"]
[SourceDate "2024.03.28"]
[SourceVersion "1"]
[SourceVersionDate "2024.03.28"]
[SourceQuality "1"]

1. d4 Nf6 2. Nf3 b6 3. Bg5 Bb7 4. Nbd2 c5 5. e3 e6 6. Bd3 Be7 7. O-O h6 8. Bh4
O-O 9. c3 cxd4 10. exd4 d6 11. Qe2 a6 12. Rad1 Nbd7 13. Bb1 b5 14. Ne1 Nd5 15.
Qe4 g6 16. Bxe7 Qxe7 17. Qg4 Kg7 18. Qg3 N7f6 19. Qh4 Rac8 20. Nd3 Nh5 21. Qxe7
Nxe7 22. f3 Nd5 23. Rde1 Nhf4 24. Nf2 Rfd8 25. g3 Nh5 26. Nd3 Nhf6 27. Kf2 Rc7
28. g4 Nb6 29. Kg3 Nc4 30. Rf2 Nxd2 31. Rxd2 a5 32. h4 Nd5 33. h5 gxh5 34. gxh5
Rg8 35. Rg2 Kf6+ 36. Kf2 Rxg2+ 37. Kxg2 Rc8 38. Kf2 Rg8 39. Rh1 Rg5 40. Rh4 Ke7
41. Bc2 Nf6 42. Nf4 Bc6 43. a3 e5 44. dxe5 dxe5 45. Ng2 Nd5 46. Be4 f5 47. Bxd5
Bxd5 48. a4 f4 49. axb5 Kd6 50. Rh1 Kc5 51. Rd1 Rxh5 52. b4+ axb4 53. cxb4+ Kd6
54. b6 Rg5 55. Nh4 Ke6 56. Ra1 Rg8 57. Ra7 Kf6 58. Rd7 Bc4 59. Rc7 Bb5 1/2-1/2